MARC details
| 000 -CABECERA |
| campo de control de longitud fija |
01623nam a2200301 4500 |
| 003 - IDENTIFICADOR DEL NÚMERO DE CONTROL |
| campo de control |
EC-UNACH |
| 005 - FECHA Y HORA DE LA ÚLTIMA TRANSACCIÓN |
| campo de control |
20251016114013.0 |
| 006 - CÓDIGOS DE INFORMACIÓN DE LONGITUD FIJA--CARACTERÍSTICAS DEL MATERIAL ADICIONAL |
| campo de control de longitud fija |
s||||gr|||| 00| 00 |
| 008 - DATOS DE LONGITUD FIJA--INFORMACIÓN GENERAL |
| campo de control de longitud fija |
150116t9999 mx r gr 000 0 spa d |
| 020 ## - NÚMERO INTERNACIONAL ESTÁNDAR DEL LIBRO |
| Número Internacional Estándar del Libro |
970-170-405-3 |
| 040 ## - FUENTE DE LA CATALOGACIÓN |
| Centro catalogador/agencia de origen |
EC-UNACH |
| Centro/agencia transcriptor |
EC-UNACH |
| 041 ## - CÓDIGO DE LENGUA |
| Código de lengua del texto/banda sonora o título independiente |
spa |
| 082 04 - NÚMERO DE LA CLASIFICACIÓN DECIMAL DEWEY |
| Número de edición |
23 |
| Número de clasificación |
657.453 |
| Número de documento/Ítem |
L007617 |
| 110 ## - ENTRADA PRINCIPAL--NOMBRE DE ENTIDAD CORPORATIVA |
| Nombre de entidad corporativa o nombre de jurisdicción como elemento de entrada |
Pearson Educación |
| 245 ## - MENCIÓN DE TÍTULO |
| Título |
Auditoría en sistemas computacionales |
| 250 ## - MENCIÓN DE EDICIÓN |
| Mención de edición |
Primera edición |
| 264 ## - Producción, publicación, distribución, fabricación y copyright |
| Lugar de producción, publicación, distribución, fabricación |
México |
| Nombre del de productor, editor, distribuidor, fabricante |
EcoCiencia |
| Fecha de de producción, publicación, distribución, fabricación o copyright |
2002 |
| 300 ## - DESCRIPCIÓN FÍSICA |
| Extensión |
816 páginas |
| Otras características físicas |
Figuras |
| 505 ## - NOTA DE CONTENIDO CON FORMATO |
| Nota de contenido con formato |
1. Conceptos generales. --<br/>2. Elementos fundamentales en el Estudio de la auditoria. --<br/>3. Normas ético-morales que regulan la actuación del auditor. --<br/>4. Control interno. --<br/>5. Control interno informático. --<br/>6. Metodología para realizar auditorías de sistemas computacionales. --<br/>7. Papeles de trabajo para la auditoria de sistemas computacionales. --<br/>8. Informes de auditoría de sistemas computacionales. --<br/>9. Instrumentos de recopilación de información aplicables en una auditora̕ de sistemas computacionales. --<br/>10. Técnicas de evaluación aplicables en una auditoria de sistemas computacionales. --<br/>11. Técnicas especiales de auditoría de sistemas computacionales. --<br/>12. Propuesta de puntos que se deben evaluar en una auditoría de sistemas computacionales. |
| 650 ## - PUNTO DE ACCESO ADICIONAL DE MATERIA--TÉRMINO DE MATERIA |
| Término de materia o nombre geográfico como elemento inicial |
INFORMES DE AUDITORÍA |
| 650 ## - PUNTO DE ACCESO ADICIONAL DE MATERIA--TÉRMINO DE MATERIA |
| Término de materia o nombre geográfico como elemento inicial |
ACTA TESTIMONIAL |
| 650 ## - PUNTO DE ACCESO ADICIONAL DE MATERIA--TÉRMINO DE MATERIA |
| Término de materia o nombre geográfico como elemento inicial |
DIAGRAMACIÓN DE SISTEMAS |
| 700 ## - PUNTO DE ACCESO ADICIONAL--NOMBRE DE PERSONA |
| Nombre de persona |
Muñoz Razo, Carlos |
| 942 ## - ELEMENTOS DE PUNTO DE ACCESO ADICIONAL (KOHA) |
| Tipo de ítem Koha |
Libros |
| Fuente del sistema de clasificación o colocación |
Clasificación Decimal Dewey |
| 999 ## - NÚMEROS DE CONTROL DE SISTEMA (KOHA) |
| Koha biblionumber |
14014 |